| 000 | 00000cas 2200000za 4500 |
| 001 | 9.824046 |
| 003 | CaOODSP |
| 005 | 20221107144032 |
| 007 | cr ||||||||||| |
| 008 | 160913d19361950onc x m o||||f0 |0fre|d |
| 040 | |aCaOODSP|bfre |
| 043 | |an-cn--- |
| 086 | 1 |aA12-8F-PDF |
| 130 | 0 |aBulletin du cultivateur (Canada. Ministère de l'agriculture) |
| 245 | 10|aBulletin du cultivateur |h[ressource électronique] / |cMinistère de l'agriculture. |
| 246 | 1 |iCertaines livr. comportent le titre :|aBulletin agricole |
| 260 | |aOttawa : |bDominion du Canada, Ministère de l'agriculture,|c1936-1950. |
| 300 | |av. : |bill. |
| 310 | |aIrrégulier |
| 362 | 0 |a[Nº 1 (1936)] --nº 164 (1950). |
| 500 | |aCertains numéros publiés en anglais seulement. |
| 500 | |aPublié aussi en anglais sous le titre : Farmers' bulletin. |
| 692 | 07|2gccst|aAgriculture |
| 692 | 07|2gccst|aÉlevage |
| 710 | 1 |aCanada. |bMinistère de l'agriculture. |
| 775 | 08|tFarmers' bulletin |w(CaOODSP)9.824039 |